|
|
|
|
| LEADER |
00000nab a2200000 a 4500 |
| 001 |
vtls010061361 |
| 003 |
SK-MaSNL |
| 005 |
20260304165422.0 |
| 008 |
140515c2010 xo wr|p|||||||000 b|slo |
| 015 |
|
|
|a SNBRB2010/02
|2 snkbucl
|
| 040 |
|
|
|a SNKBUCL
|b slo
|c SNKBUCL
|e AACR2
|
| 041 |
0 |
|
|a slo
|
| 044 |
|
|
|a xo
|c SK
|
| 080 |
|
|
|a 908
|x (439)
|2 2001
|
| 100 |
1 |
|
|a Palata, Luboš,
|d 1967-
|4 aut
|9 175415
|
| 245 |
1 |
0 |
|a Budapešť v zime
|c Luboš Palata
|
| 300 |
|
|
|b Fotogr.
|
| 650 |
0 |
7 |
|a cestovanie
|2 snkbucl
|9 18846
|
| 650 |
0 |
7 |
|a zima
|2 snkbucl
|9 49696
|
| 651 |
|
7 |
|a Budapešť (Maďarsko)
|2 snkbucl
|9 17734
|
| 655 |
|
7 |
|a reportáže
|2 snkbucl
|9 28856
|
| 773 |
0 |
|
|t Týždeň
|g Roč. VII, č. 4 (2010), s. 52-55
|x 1336-5932
|
| 852 |
|
|
|a SNK
|b KIS3GCP
|
| 958 |
|
|
|a HU
|
| 999 |
|
|
|c 2984099
|d 2986029
|